Pikku G:n kappaleita lyriikoiden mukaan - Statistics

Yleistilastot
  • Tätä visaa on pelattu 15 kertaa
  • Keskiarvotulos 2 / 9
Vastaustilastot
Sanat Kappale % Oikein
Julia tapas Romeon ylä-asteen kouluretkel Katseet kohtas hetkeks, sit Roomeo tajus et se Tuijottaa, tuijottaa, ei saa irti silmii Tai illal silmii kiinni, ku kävelee pitkin pilvii Romeo ja Julia
93%
Pikku g laittaa enemmän hittejä kun Tony Halmeoon kuuminta mitä oot nähny vaik tavattas keskitalvel jonon hännille siit, sä et oo eka joka haluu pussaa Räjähdysvaara
73%
On ihan tavallinen, maanantaipäivä, mä chillaan välkkärillä eikä oo huolen häivää, matikantunti alkaa koht, ja läksyt o tekemättä, mut ei jaksa stressaa tuskin ne mua luokalle jättää, Shala-la-la
33%
Tää on meidän maailma, meidän aika Kuljetaan sen läpi yhdessä Kylki kyljessä
27%
Odota parast, varaudu pahimpaan Ain ei käy, ku haluut, se on luonnon yks laki vaan Kyynelist hymyks
13%
Jos vaan voitas mennä takas ajassa tehtäs kaikki eri tavalla Jos vain voisin
7%
Mietin et missäköhän oot Mitä jos tulisin sinne? Oishan se romanttista, joo Kaukana
0%
Jea, ei sen tarvii olla kuplivaa, Näemmä ihan yhtälailla halpa rakkaus juovuttaa Ku kerran lähit mikset lähteny sun muistonkaa Niin krapulainen olo et mä pelkään etten kuolekkaan Mitä sulle jää
0%
Menin ihan salamana kipsiin Vissiin kissan kokosii perkosii Hipsi mun vatsaan, ku sä tulit vastaan Saman tien leuat leipo kii Pantomiini
0%
Ehtoja vastaavia visoja ei löytynyt
Tulosjakauma
Jokaisen tuloksen saaneiden osuus
Persentiili vastausten määrän mukaan
Tuloshistoriasi
Et ole pelannut tätä visaa